Music Quiz

Random Music or Rock Quiz

200 Classic Rock Hits by Intros Quiz Stats

Quiz Updated Oct 19, 2016

Challenge
Share
Tweet
Score 0/200 Timer 20:00
2 Plays Today
Time Song % Correct
0:50-0:55Fat Bottomed Girls
68.5%
0:30-0:35Cocaine
63.6%
0:00-0:05Hells Bells
62.9%
1:20-1:25White Wedding
61.5%
0:15-0:20In the Air Tonight
58.1%
1:45-1:50Rock the Casbah
55.4%
1:55-2:00Spirit in the Sky
51.5%
1:25-1:30Owner of a Lonely Heart
51.4%
6:56-7:00House of the Rising Sun
51.4%
1:50-1:55Money for Nothing
50.5%
7:04-7:08(Don't Fear) The Reaper
49.5%
0:05-0:10Let's Dance
48.9%
0:20-0:25Takin' Care of Business
48%
2:50-2:55Fortunate Son
46.5%
9:44-9:48Cold As Ice
46.1%
8:40-8:44Baba O'Riley
44.6%
6:40-6:44More Than a Feeling
44.4%
2:25-2:30Behind Blue Eyes
42%
8:16-8:20Blinded By the Light
41.7%
10:36-10:40Tom Sawyer
38.4%
7:24-7:28Werewolves of London
37.8%
2:05-2:10Faithfully
36%
1:30-1:35Under My Thumb
35.7%
6:00-6:05You're My Best Friend
34.4%
9:04-9:08Get Back
33%
4:20-4:25A Whiter Shade of Pale
32.8%
5:25-5:30Band on the Run
31.9%
7:28-7:32Low Rider
31.8%
3:40-3:45Night Moves
30.5%
13:45-13:48Killer Queen
30.5%
12:45-12:48Lola
30.1%
0:35-0:40Hold On Loosely
29.9%
0:10-0:15Dream Weaver
29.8%
9:36-9:40Comfortably Numb
29.8%
13:33-13:36Sultans of Swing
29.7%
8:00-8:04Here I Go Again
29.6%
2:40-2:45The Wind Cries Mary
29.5%
1:40-1:45Eruption
29.4%
2:35-2:40Take Me Home Tonight
28.6%
2:15-2:20For Those About to Rock (We Salute You)
27.5%
3:55-4:00The Chain
27.4%
1:10-1:15Back in the Saddle
26.7%
9:08-9:12Renegade
26.5%
11:44-11:48Dirty Deeds Done Dirt Cheap
26.2%
0:40-0:45Cheap Sunglasses
26.1%
0:25-0:30Going to California
26%
3:25-3:30Baker Street
25.8%
3:35-3:40White Rabbit
25.8%
3:15-3:20I'm On Fire
25.7%
10:44-10:48Black Magic Woman
25.5%
7:20-7:24Ziggy Stardust
25.2%
3:45-3:50Keep On Loving You
24.8%
8:24-8:28Mississippi Queen
24.2%
5:15-5:20Run to You
24.2%
12:39-12:42All Right Now
23.9%
11:00-11:04I Wanna be Sedated
23.7%
4:55-5:00Ohio
23.4%
5:10-5:15The Boys of Summer
23.3%
6:35-6:40Round and Round
23.3%
8:20-8:24Black Betty
23.2%
11:36-11:40Feels Like the First Time
23%
8:04-8:08Movin' Out (Anthony's Song)
22.9%
10:16-10:20Two Tickets to Paradise
22.8%
2:55-3:00Stuck in the Middle With You
22.7%
12:36-12:39Hey Joe
22.7%
1:35-1:40Stranglehold
22.5%
8:48-8:52Bang a Gong (Get It On)
22.5%
Time Song % Correct
5:05-5:10I Wanna New Drug
22.2%
4:05-4:10Mama Told Me Not to Come
21.9%
13:42-13:45Strawberry Fields Forever
21.8%
11:20-11:24Magic Man
21.8%
13:54-13:57Like a Rolling Stone
21.7%
4:25-4:30I Saw Her Standing There
21.6%
1:05-1:10Casey Jones
21.5%
6:20-6:25Tempted
21.2%
6:44-6:48That Smell
21.1%
10:04-10:08Heartbreaker
20.1%
5:50-5:55Jet Airliner
20%
12:54-12:57Hold the Line
20%
12:57-13:00867-5309 (Jenny)
19.7%
3:50-3:55Goodbye Stranger
19.6%
9:28-9:32Magic Carpet Ride
19.4%
9:40-9:44Radar Love
19.4%
2:00-2:05Life's Been Good
19.3%
10:12-10:16Paradise by the Dashboard Light
18.8%
13:27-13:30The Logical Song
18.8%
13:03-13:06Cecilia
18.6%
12:42-12:45You Ain't Seen Nothing Yet
18.6%
5:00-5:05The Spirit of Radio
18.4%
4:10-4:15Sister Golden Hair
18.3%
2:10-2:15Urgent
18.3%
6:48-6:52Lyin' Eyes
18%
1:00-1:05Run Like Hell
17.9%
3:10-3:15Rock and Roll, Hoochie Koo
17.7%
10:40-10:44War Pigs
17.5%
8:44-8:48Old Man
17.5%
1:15-1:20Lick It Up
17.2%
7:52-7:56My Best Friend's Girl
17.1%
12:33-12:36Call Me
16.8%
0:55-1:00Tangled Up in Blue
16.7%
11:40-11:44Lay Lady Lay
16.7%
13:15-13:18Tush
16.6%
2:30-2:35Bad
16.6%
12:30-12:33Lady '95
16.5%
5:35-5:40The Weight
16.4%
12:03-12:06Rebel Yell
16.4%
8:36-8:40Crazy On You
16.4%
7:00-7:04Runnin' With The Devil
16%
8:32-8:36Once in a Lifetime
16%
8:12-8:16Sister Christian
15.9%
8:52-8:56Wind of Change
15.6%
7:36-7:40Big Balls
15.6%
13:18-13:21Drive
15.5%
9:32-9:36Some Kind of Wonderful
15.3%
3:05-3:10Into the Great Wide Open
14.8%
4:30-4:35Mercedes Benz
14.6%
11:32-11:36Down on the Corner
14.6%
10:48-10:52Pride and Joy
14.5%
11:12-11:16Feel Like Makin' Love
14.5%
5:20-5:25Wild Side
14.4%
5:55-6:00Dancing Days
14.3%
12:00-12:03Rock of Ages
14.3%
4:50-4:55Jailbreak
14.2%
9:12-9:16Gimme Some Lovin'
14.2%
0:45-0:50Spill the Wine
14.2%
6:15-6:20Strange Brew
14%
5:45-5:50One Bourbon, One Scotch, One Beer
13.8%
10:28-10:32Long Train Runnin'
13.6%
11:52-11:56Have a Cigar
13%
8:28-8:32Gimme All Your Lovin'
12.7%
8:56-9:00Lovin' Touchin' Squeezin'
12.7%
4:45-4:50Tuff Enuff
12.7%
2:20-2:25Bang Your Head (Metal Health)
12.6%
9:20-9:24Rainbow in the Dark
12.5%
Time Song % Correct
11:56-12:00Fame
12.2%
13:21-13:24Beds Are Burning
12.1%
13:48-13:51Girls, Girls, Girls
11.6%
6:25-6:30Wild Night
11.4%
4:00-4:05Hey Nineteen
11.3%
7:40-7:44The Last Time
11.1%
13:57-14:10The End
10.8%
11:04-11:08Thunder Island
10.8%
11:16-11:20What Is and What Should Never Be
10.8%
11:08-11:12Do You Feel Like We Do
10.6%
13:24-13:27Take the Money and Run
10.5%
10:32-10:36Gypsy
10.1%
10:08-10:12Hysteria
10%
7:08-7:12Strutter
9.9%
3:20-3:25I Ran
9.8%
12:15-12:18Already Gone
9.7%
5:40-5:45Livin' Thing
9.6%
9:00-9:04Fooled Around and Fell in Love
9.6%
3:30-3:35Cover of the Rolling Stone
9.2%
8:08-8:12Can't Stand Losing You
9%
4:35-4:40Last Child
8.9%
7:56-8:00Peace Frog
8.9%
11:28-11:32Can't You Hear Me Knockin'
8.8%
12:12-12:15Don't Look Back
8.6%
13:00-13:03Train in Vain (Stand By Me)
8.6%
3:00-3:05Out of Touch
8.1%
13:39-13:42Truckin'
8%
12:09-12:12You've Got Another Thing Comin'
7.8%
12:51-12:54The Ocean
7.7%
12:27-12:30The Needle and the Damage Done
7.5%
4:40-4:45I'd Love to Change the World
7.5%
5:30-5:35In Too Deep
7.3%
10:56-11:00Hair of the Dog
7.2%
7:12-7:16I Remember You
7.2%
6:05-6:10Fool For the City
7.2%
6:52-6:56End of the Line
7.1%
12:48-12:51Kodachrome
6.8%
13:06-13:09Mama Kin
6.6%
9:52-9:56Positively 4th Street
6.6%
13:51-13:54I'll Wait
6.4%
10:20-10:24Once Bitten, Twice Shy
6.1%
9:16-9:20Saved by Zero
6.1%
11:48-11:52Lucky Man
6%
9:56-10:00Sweet Talkin' Woman
6%
2:45-2:50Only Time Will Tell
5.8%
12:24-12:27Shambala
5.6%
11:24-11:28Hold Your Head Up
5.5%
10:24-10:28Pinball Wizard
5.4%
4:15-4:20Ah! Leah!
5.3%
7:48-7:52Lonely Ol' Night
5.1%
7:44-7:48Listen to Her Heart
5%
9:48-9:52Eminence Front
4.9%
13:36-13:39Sundown
4.9%
9:24-9:28What You Need
4.8%
6:30-6:35Dreams
4.8%
13:12-13:15You Wreck Me
4.5%
10:52-10:56Deacon Blues
4.4%
7:16-7:20The Old Man Down the Road
3.7%
12:18-12:21Tunnel of Love
3.5%
13:30-13:33I Drink Alone
3.4%
12:21-12:24Tall Cool One
3.1%
13:09-13:12Question
2.7%
7:32-7:36Bad Love
2.3%
10:00-10:04Little Suzi
2%
12:06-12:09Little T&A
2%
6:10-6:15No One to Run With
1.2%

You're not logged in!

Compare scores with friends on all Sporcle quizzes.
Sign Up with Email
OR
Log In

You Might Also Like...

Show Comments

Extras

Top Quizzes Today


Score Distribution

Your Account Isn't Verified!

In order to create a playlist on Sporcle, you need to verify the email address you used during registration. Go to your Sporcle Settings to finish the process.